| 000 | 01478nam a2200349 c 4500 | ||
|---|---|---|---|
| 003 | BLK | ||
| 005 | 20250428092549.0 | ||
| 008 | 180412b bul|||||r ||||||| ||bul|| | ||
| 010 | _aKNG00009530000 | ||
| 020 |
_a954-459-238-5 _bиздат.: Хермес - на том(ч. 1) |
||
| 040 | _aBLK | ||
| 041 |
_aBUL _cBUL |
||
| 080 |
_aАмериканска литература (на САЩ) _b821.111(73) _x-31 _z821.111(73)-31 |
||
| 100 | 1 |
_aДелински, Барбара _eпърви автор _959608 |
|
| 700 | 1 |
_aСтефанова, Пенка Георгиева _eпрев. от англ. _9253305 |
|
| 139 |
_aДелински, Барбара _bД 37 |
||
| 245 | 1 | 0 |
_aГорчив триумф _bРоман : Ч. 1 - 2 _cБарбара Делински; прев. от англ. Пенка Георгиева Стефанова. _nЧ. 1 |
| 257 | _aUSA | ||
| 260 |
_аПловдив _c1995 _fВ. Търново : Абагар |
||
| 300 | _c20 см | ||
| 380 | _aX | ||
| 490 | 1 | _aМегаселър | |
| 500 | _aОриг. загл. Facets / Barbara Delinsky. - 8 060 тир. | ||
| 653 | _aромантична проза | ||
| 760 | 1 |
_3- на том(ч. 1) _aДелински, Барбара _dХермес, 1995 _h207 с. _tЧ. 1 |
|
| 852 | _aЦб 183950 | ||
| 856 | 4 |
_qpdf _u |
|
| 856 | 4 |
_qpdf _u |
|
| 942 |
_cKNG _n0 _029 |
||
| 944 |
_aCR _c15.01.2003 _lХристина Везирева _k30535 |
||
| 944 |
_aED _c23.06.2016 _lф / _kЛюдмила_Стоянова |
||
| 999 |
_c8193 _d8193 |
||